000 002980000a22001090004500
100 1 _aCamargo López, Jesús
245 1 0 _aPobreza social y familiar
300 _aVol. 11, Num 2 (Abril-Junio, 1992) Páginas 15-16
700 1 _aPérez de Camargo, Carmen
773 0 _tIglesia y Misión
942 _cANA
999 _c51958
_d51958